SNAS a akreditácia na Slovensku po vstupe SR do EÚ

Pojem akreditácia subjektov štruktúry posudzovania zhody. Základné požiadavky na akreditačné a akreditované subjekty. Pozícia SNAS (Slovenská národná akreditačná služba) a akreditácia na Slovensku po integrovaní do EÚ.

Enregistré dans:
Détails bibliographiques
Auteur principal: Šutek, Ľubomír
Format: Chapitre de livre
Langue:slovaque
Sujets:
Tags: Ajouter un tag
Pas de tags, Soyez le premier à ajouter un tag!

MARC

LEADER 00000naa$a2200000$$$4500
001 0023435
005 20230511073523.3
041 0 |a slo 
044 |a SK 
245 1 0 |a SNAS a akreditácia na Slovensku po vstupe SR do EÚ 
520 |a Pojem akreditácia subjektov štruktúry posudzovania zhody. Základné požiadavky na akreditačné a akreditované subjekty. Pozícia SNAS (Slovenská národná akreditačná služba) a akreditácia na Slovensku po integrovaní do EÚ. 
610 2 0 |a normalizácia 
610 2 0 |a akreditácia 
610 2 0 |a Slovensko 
610 2 0 |a Európska únia 
610 2 0 |a harmonizácia 
610 2 0 |a pohyb tovaru 
610 2 0 |a pohyb kapitálu 
610 2 0 |a pohyb síl pracovných 
610 2 0 |a normy medzinárodné 
610 2 0 |a politika obchodná 
100 1 |a Šutek, Ľubomír